[Event "Kreuzberg Open"]
[Site "Berlin"]
[Date "2005.07.05"]
[Round "4"]
[White "Mielke, Norman"]
[Black "Kohler, Thomas"]
[Result "0-1"]
[WhiteElo "2019"]
[BlackElo "2245"]
[PlyCount "90"]
[EventDate "2005.07.??"]
[EventType "swiss"]
[EventRounds "9"]
[EventCountry "GER"]
[Source "SC Kreuzberg"]
[SourceDate "2005.07.24"]

1. e4 c5 2. c3 Nf6 3. e5 Nd5 4. Nf3 Nc6 5. Bc4 Nb6 6. Bb3 d5 7. exd6 Qxd6 8.
O-O g6 9. Qe2 Bg7 10. Na3 a6 11. d4 cxd4 12. Rd1 O-O 13. Be3 e5 14. cxd4 exd4
15. Nc2 Bg4 16. h3 Bxf3 17. Qxf3 Rad8 18. Bf4 Qd7 19. Rd3 Nd5 20. Bg3 Nc7 21.
a3 Ne6 22. Ba2 Nc5 23. Rd2 Rfe8 24. Bf4 Ne4 25. Rd3 Nc5 26. Rd2 Qf5 27. Rad1
Ne6 28. Bg3 Qxf3 29. gxf3 Bh6 30. f4 Bxf4 31. Bxf4 Nxf4 32. Kh2 d3 33. Ne3 Ne5
34. Kg3 Nh5+ 35. Kg2 Nf4+ 36. Kg3 Ne2+ 37. Kg2 Kg7 38. Nc4 Nf4+ 39. Kg3 Nh5+
40. Kg2 Nf4+ 41. Kg3 g5 42. Ne3 Kg6 43. b4 f5 44. Nc4 b5 45. Nxe5+ Rxe5 0-1

[Event "Kreuzberg Open"]
[Site "Berlin"]
[Date "2005.07.05"]
[Round "4"]
[White "Bornschein, Burkhard"]
[Black "Federau, Juergen"]
[Result "0-1"]
[WhiteElo "2009"]
[BlackElo "2236"]
[PlyCount "96"]
[EventDate "2005.07.??"]
[EventType "swiss"]
[EventRounds "9"]
[EventCountry "GER"]
[Source "SC Kreuzberg"]
[SourceDate "2005.07.24"]

1. d4 d5 2. c4 e6 3. Nc3 c5 4. e3 Nf6 5. Nf3 Nc6 6. Be2 dxc4 7. Bxc4 a6 8. a4
Be7 9. O-O O-O 10. h3 Qc7 11. Qe2 Rd8 12. Rd1 Bd7 13. d5 exd5 14. Bxd5 Bc8 15.
e4 Nb4 16. Be3 Nbxd5 17. exd5 b6 18. b3 h6 19. Rac1 Bd6 20. Nh4 Bd7 21. Qf3 Be5
22. Ne2 Qb7 23. Nf5 Bxf5 24. Qxf5 Rxd5 25. Rxd5 Qxd5 26. Qc2 a5 27. Rd1 Qe6 28.
Qd3 Re8 29. Qb5 Kf8 30. Nc1 Nd5 31. Re1 Bd4 32. Bd2 Qxe1+ 33. Bxe1 Rxe1+ 34.
Kh2 Rxc1 35. Qd7 Nf6 36. Qd6+ Kg8 37. Qxb6 Bxf2 38. Qd8+ Kh7 39. Qd3+ g6 40. g4
Bd4 41. Qd2 Rc3 42. Qf4 Rxb3 43. Qc7 Kg7 44. Qxa5 Rb2+ 45. Kg3 Ne4+ 46. Kf4 Ng5
47. h4 Rf2+ 48. Kg3 Ne4+ 0-1

[Event "Kreuzberg Open"]
[Site "Berlin"]
[Date "2005.07.05"]
[Round "4"]
[White "Wapenhans, Alexander"]
[Black "Lueders, Gerhard"]
[Result "0-1"]
[WhiteElo "1900"]
[BlackElo "2229"]
[PlyCount "38"]
[EventDate "2005.07.??"]
[EventType "swiss"]
[EventRounds "9"]
[EventCountry "GER"]
[Source "SC Kreuzberg"]
[SourceDate "2005.07.24"]

1. e4 c5 2. Nf3 d6 3. d4 cxd4 4. Nxd4 Nf6 5. Nc3 a6 6. Be3 Ng4 7. Bg5 h6 8. Bh4
g5 9. Bg3 Nc6 10. Be2 h5 11. h4 gxh4 12. Bxh4 Bg7 13. Nf5 Bxf5 14. exf5 Qa5 15.
Qd3 O-O-O 16. a3 d5 17. O-O-O d4 18. Bxg4 Bh6+ 19. Kb1 dxc3 0-1

[Event "Kreuzberg Open"]
[Site "Berlin"]
[Date "2005.07.05"]
[Round "4"]
[White "Jaeger, Andre"]
[Black "Gremm, Juergen"]
[Result "1-0"]
[WhiteElo "2153"]
[BlackElo "1972"]
[PlyCount "107"]
[EventDate "2005.07.??"]
[EventType "swiss"]
[EventRounds "9"]
[EventCountry "GER"]
[Source "SC Kreuzberg"]
[SourceDate "2005.07.24"]

1. d4 d5 2. c4 Nc6 3. cxd5 Qxd5 4. e3 e5 5. Nc3 Bb4 6. Bd2 Bxc3 7. bxc3 exd4 8.
cxd4 Nf6 9. f3 O-O 10. Bd3 Qg5 11. Kf2 Re8 12. h4 Qd5 13. Ne2 Nh5 14. Qc2 Nf6
15. e4 Qd8 16. Bc3 g6 17. Qb2 Qe7 18. Bb5 a6 19. Bxc6 bxc6 20. d5 Nd7 21. dxc6
Ne5 22. Bxe5 Qxe5 23. Qxe5 Rxe5 24. Rhd1 Be6 25. a4 f5 26. exf5 Bxf5 27. Nd4
Rae8 28. Nxf5 gxf5 29. Rd7 R8e7 30. Rb1 Kf7 31. Rb7 Rxd7 32. cxd7 Ke7 33. Rxc7
h5 34. Kg3 Ra5 35. Kf4 Rxa4+ 36. Kxf5 Rxh4 37. Kg5 Rh2 38. g3 Rg2 39. Kf4 a5
40. Rc5 a4 41. Rxh5 a3 42. Ra5 a2 43. Ra7 Rb2 44. Kg4 Rb4+ 45. f4 Rb2 46. Kg5
Rd2 47. f5 Rf2 48. g4 Kd8 49. Kg6 Ke7 50. g5 Kd8 51. f6 Rd2 52. f7 Rd6+ 53. Kh5
Rf6 54. gxf6 1-0

[Event "Kreuzberg Open"]
[Site "Berlin"]
[Date "2005.07.05"]
[Round "4"]
[White "Apel, Wolfgang"]
[Black "Schoeffler, Helmut"]
[Result "1-0"]
[WhiteElo "1815"]
[BlackElo "2125"]
[PlyCount "83"]
[EventDate "2005.07.??"]
[EventType "swiss"]
[EventRounds "9"]
[EventCountry "GER"]
[Source "SC Kreuzberg"]
[SourceDate "2005.07.24"]

1. c4 Nf6 2. Nc3 e6 3. e4 c5 4. e5 Ng8 5. d4 cxd4 6. Qxd4 Nc6 7. Qe4 f5 8. Qe2
a6 9. a3 g6 10. f4 Nh6 11. h3 Nd4 12. Qd3 Nb3 13. Rb1 Bc5 14. Nf3 Qb6 15. Qe2
Nxc1 16. Rxc1 Be3 17. Na4 Qa5+ 18. b4 Bd2+ 19. Qxd2 Qxa4 20. Rc3 Qc6 21. c5 b6
22. Be2 Bb7 23. O-O Nf7 24. Qd4 b5 25. Rf2 Qd5 26. Qxd5 Bxd5 27. Nd4 Ke7 28. a4
g5 29. g3 gxf4 30. gxf4 Rhg8+ 31. Kh2 Rg7 32. Bf3 Bxf3 33. Rfxf3 Nd8 34. Ra3
bxa4 35. Rxa4 Nb7 36. Rfa3 a5 37. Nb3 Rgg8 38. Nxa5 Nxa5 39. Rxa5 Rab8 40. b5
Rb7 41. b6 Rc8 42. Kg2 1-0

[Event "Kreuzberg Open"]
[Site "Berlin"]
[Date "2005.07.05"]
[Round "4"]
[White "Pott, Stefan"]
[Black "Shapiro, Yosip"]
[Result "0-1"]
[WhiteElo "1719"]
[BlackElo "2118"]
[PlyCount "120"]
[EventDate "2005.07.??"]
[EventType "swiss"]
[EventRounds "9"]
[EventCountry "GER"]
[Source "SC Kreuzberg"]
[SourceDate "2005.07.24"]

1. e4 c5 2. Nc3 Nc6 3. d3 g6 4. g3 Bg7 5. Bg2 Nf6 6. h3 O-O 7. Be3 d6 8. Qd2
Nd4 9. Nd1 Re8 10. c3 Nc6 11. f4 e5 12. Ne2 exf4 13. Nxf4 c4 14. Nf2 cxd3 15.
O-O Ne5 16. b3 Bd7 17. Rac1 Bc6 18. N4xd3 Nxd3 19. Qxd3 d5 20. exd5 Nxd5 21.
Bd2 Ne3 22. Qxd8 Raxd8 23. Bxc6 bxc6 24. Bxe3 Rxe3 25. Kg2 Be5 26. g4 Rg3+ 27.
Kh1 Rd2 28. a4 Bf4 29. Rce1 Rxc3 30. Re8+ Kg7 31. Re4 Bg3 32. Nd1 Rcd3 33. Ne3
Bf2 34. Nc4 Ra2 35. Rf4 Rxh3+ 36. Kg2 Rg3+ 37. Kh1 Bc5 38. Rxf7+ Kh6 39. R7f3
Rxg4 40. Rh3+ Kg7 41. Ne5 Rgg2 42. Nxc6 h5 43. Ne5 Bd6 44. Nc4 Bg3 45. Ne3 Rh2+
46. Rxh2 Rxh2+ 47. Kg1 Rb2 48. Rf3 h4 49. Ng4 a5 50. Rd3 g5 51. Rf3 Kg6 52. Kh1
Bf4 53. Kg1 Kf5 54. Nf2 Rd2 55. Kf1 g4 56. Rc3 h3 57. Nxh3 gxh3 58. Rxh3 Ke4
59. Rc3 Rd3 60. Rc5 Kf3 0-1

[Event "Kreuzberg Open"]
[Site "Berlin"]
[Date "2005.07.06"]
[Round "5"]
[White "Berger, Steve"]
[Black "Figura, Atila Gajo"]
[Result "1-0"]
[WhiteElo "2428"]
[BlackElo "2277"]
[PlyCount "101"]
[EventDate "2005.07.??"]
[EventType "swiss"]
[EventRounds "9"]
[EventCountry "GER"]
[Source "SC Kreuzberg"]
[SourceDate "2005.07.24"]

1. e4 c5 2. Nf3 e6 3. d4 cxd4 4. Nxd4 a6 5. Bd3 Bc5 6. c3 d6 7. O-O Ne7 8. Qe2
O-O 9. Be3 Nd7 10. Nd2 e5 11. Nc2 Ng6 12. g3 Ne7 13. b4 Bxe3 14. Nxe3 g6 15. f4
f5 16. exf5 exf4 17. Rxf4 Ne5 18. f6 N7c6 19. Bc4+ Kh8 20. Bb3 Rxf6 21. Rxf6
Qxf6 22. Ne4 Qe7 23. Nd5 Qd8 24. Qe3 Bf5 25. Nef6 Kg7 26. Rf1 Ne7 27. Nxe7 Qxe7
28. Nd5 Qd8 29. c4 Bh3 30. Rf2 b6 31. Nxb6 Ra7 32. Nd5 Rf7 33. Rxf7+ Nxf7 34.
c5 dxc5 35. bxc5 Qd7 36. Qd4+ Kf8 37. Qf6 Qe8 38. Kf2 Qe5 39. c6 Qxf6+ 40. Nxf6
Ke7 41. Nxh7 Ne5 42. Ng5 Bf5 43. c7 Ng4+ 44. Kg1 Kd7 45. Bc4 Kxc7 46. Bxa6 Kb6
47. Bc4 Ne5 48. Bg8 Kc5 49. h3 Kd4 50. Kg2 Kd3 51. Be6 1-0

[Event "Kreuzberg Open"]
[Site "Berlin"]
[Date "2005.07.06"]
[Round "5"]
[White "Schlemermeyer, Wilhelm"]
[Black "Thinius, Marco"]
[Result "1/2-1/2"]
[WhiteElo "2346"]
[BlackElo "2354"]
[PlyCount "132"]
[EventDate "2005.07.??"]
[EventType "swiss"]
[EventRounds "9"]
[EventCountry "GER"]
[Source "SC Kreuzberg"]
[SourceDate "2005.07.24"]

1. Nf3 Nf6 2. c4 e6 3. g3 b6 4. Bg2 Bb7 5. d4 Be7 6. O-O O-O 7. d5 Na6 8. Nd4
exd5 9. Nf5 c6 10. cxd5 Nxd5 11. e4 Ndc7 12. Nc3 Nc5 13. Qg4 Ne8 14. Rd1 Ba6
15. Bf4 Kh8 16. Rd2 Bc4 17. Qd1 a5 18. e5 Be6 19. Nd4 Qc7 20. h4 Rd8 21. Qh5 g6
22. Qe2 Ng7 23. Ne4 Nxe4 24. Bxe4 b5 25. Rad1 Qb6 26. Bh6 Rfe8 27. Qf3 Kg8 28.
Nxe6 Nxe6 29. Rxd7 c5 30. Rb7 Qa6 31. Bd5 Rb8 32. Rd7 Rbd8 33. Bxe6 Qxe6 34.
Qd5 Qxd5 35. R1xd5 Rxd7 36. Rxd7 c4 37. Rb7 b4 38. Rc7 c3 39. bxc3 bxc3 40.
Rxc3 Bf8 41. Bxf8 Kxf8 42. Rc5 Ra8 43. a4 Ke7 44. Kg2 h5 45. Kf3 Ke6 46. g4 Rb8
47. gxh5 gxh5 48. Rxa5 Rb4 49. Ke3 Rxh4 50. f4 Kf5 51. Ra7 Rh3+ 52. Kd4 Kxf4
53. Rxf7+ Kg5 54. e6 Rh4+ 55. Kd5 Rxa4 56. e7 Ra5+ 57. Kd6 Ra6+ 58. Kd7 Ra7+
59. Kc6 Ra6+ 60. Kd5 Ra5+ 61. Kd6 Ra6+ 62. Kd7 Ra7+ 63. Kc6 Ra6+ 64. Kc7 Re6
65. Kd7 Re1 66. Rg7+ Kf4 1/2-1/2

[Event "Kreuzberg Open"]
[Site "Berlin"]
[Date "2005.07.06"]
[Round "5"]
[White "Kohler, Thomas"]
[Black "Jenull, Marco"]
[Result "1/2-1/2"]
[WhiteElo "2245"]
[BlackElo "2156"]
[PlyCount "47"]
[EventDate "2005.07.??"]
[EventType "swiss"]
[EventRounds "9"]
[EventCountry "GER"]
[Source "SC Kreuzberg"]
[SourceDate "2005.07.24"]

1. c4 e6 2. g3 d5 3. Bg2 Nf6 4. Nf3 Be7 5. O-O O-O 6. d4 dxc4 7. Qc2 a6 8. Qxc4
b5 9. Qc2 Bb7 10. Bf4 Bd6 11. Nbd2 Nbd7 12. Nb3 Be4 13. Qc1 Qb8 14. Bg5 Qb7 15.
Rd1 Rac8 16. Bxf6 Nxf6 17. Nc5 Bxc5 18. Qxc5 Bd5 19. Qc2 h6 20. Ne1 Bxg2 21.
Nxg2 Nd7 22. b4 Nb8 23. Ne3 Rfd8 24. Rac1 1/2-1/2

[Event "Kreuzberg Open"]
[Site "Berlin"]
[Date "2005.07.06"]
[Round "5"]
[White "Jaeschke, Jens-Uwe"]
[Black "Kiesekamp, Marcos"]
[Result "0-1"]
[WhiteElo "2164"]
[BlackElo "2245"]
[PlyCount "68"]
[EventDate "2005.07.??"]
[EventType "swiss"]
[EventRounds "9"]
[EventCountry "GER"]
[Source "SC Kreuzberg"]
[SourceDate "2005.07.24"]

1. d4 d5 2. c4 e6 3. Nf3 Nf6 4. Bg5 Bb4+ 5. Nbd2 dxc4 6. e4 c3 7. bxc3 Bxc3 8.
Rc1 Bxd2+ 9. Nxd2 Qxd4 10. Rxc7 Nc6 11. Qc2 Qd6 12. Rxc6 bxc6 13. Nc4 Qd4 14.
Bd3 O-O 15. Be3 Qa1+ 16. Bc1 Ba6 17. O-O Bxc4 18. Qxc4 Rfd8 19. Be3 Qe5 20. f4
Qa5 21. Be2 Rab8 22. Bf3 Rb4 23. Qxc6 Ra4 24. e5 Nd5 25. Bxd5 exd5 26. e6 fxe6
27. Qxe6+ Kh8 28. f5 Qa6 29. Qf7 Qf6 30. Qc7 Rxa2 31. Bxa7 Ra8 32. Rb1 Ra1 33.
Qb7 Rxb1+ 34. Qxb1 h6 0-1

[Event "Kreuzberg Open"]
[Site "Berlin"]
[Date "2005.07.06"]
[Round "5"]
[White "Federau, Juergen"]
[Black "Jaeger, Andre"]
[Result "1-0"]
[WhiteElo "2236"]
[BlackElo "2153"]
[PlyCount "78"]
[EventDate "2005.07.??"]
[EventType "swiss"]
[EventRounds "9"]
[EventCountry "GER"]
[Source "SC Kreuzberg"]
[SourceDate "2005.07.24"]

1. d4 Nf6 2. c4 d6 3. Nc3 Nbd7 4. e4 e5 5. Nf3 g6 6. Be2 Bg7 7. O-O O-O 8. Qc2
Nh5 9. Rd1 Nf4 10. Bf1 c5 11. dxe5 dxe5 12. Nd5 Ne6 13. Bd3 Nb8 14. b4 Nc6 15.
bxc5 Ned4 16. Nxd4 Nxd4 17. Qb2 f5 18. Be3 Ne6 19. f3 f4 20. Bf2 g5 21. Qb5 Rf7
22. c6 bxc6 23. Qxc6 Bd7 24. Qa6 Bc8 25. Qa3 Bf8 26. c5 h5 27. Be2 Nd4 28. Bxd4
exd4 29. Rac1 g4 30. Rxd4 Qh4 31. Rd2 g3 32. h3 Bg7 33. Bf1 Rb8 34. c6 Be6 35.
Rb2 Be5 36. Kh1 Bxh3 37. Rxb8+ Kg7 38. gxh3 g2+ 39. Bxg2 Qg5 1-0

[Event "Kreuzberg Open"]
[Site "Berlin"]
[Date "2005.07.06"]
[Round "5"]
[White "Shapiro, Yosip"]
[Black "Schulz, Michael"]
[Result "0-1"]
[WhiteElo "2118"]
[BlackElo "2233"]
[PlyCount "56"]
[EventDate "2005.07.??"]
[EventType "swiss"]
[EventRounds "9"]
[EventCountry "GER"]
[Source "SC Kreuzberg"]
[SourceDate "2005.07.24"]

1. e4 g6 2. d4 Bg7 3. c4 Nc6 4. Nf3 e5 5. Be3 d6 6. Nc3 Bg4 7. d5 Nd4 8. Be2
Bxf3 9. Bxf3 Ne7 10. Bxd4 exd4 11. Nb5 c5 12. dxc6 Nxc6 13. O-O O-O 14. Bg4 a6
15. Na3 Re8 16. Re1 Re7 17. Rb1 Qa5 18. Re2 Rae8 19. Bf3 Ne5 20. Qd2 Nxf3+ 21.
gxf3 Qh5 22. Kg2 Re5 23. f4 Qg4+ 24. Kf1 Bh6 25. f3 Qxf3+ 26. Rf2 Qh1+ 27. Ke2
Qxe4+ 28. Kd1 d5 0-1

[Event "Kreuzberg Open"]
[Site "Berlin"]
[Date "2005.07.06"]
[Round "5"]
[White "Lueders, Gerhard"]
[Black "Apel, Wolfgang"]
[Result "1-0"]
[WhiteElo "2229"]
[BlackElo "1815"]
[PlyCount "55"]
[EventDate "2005.07.??"]
[EventType "swiss"]
[EventRounds "9"]
[EventCountry "GER"]
[Source "SC Kreuzberg"]
[SourceDate "2005.07.24"]

1. d4 Nf6 2. c4 c5 3. d5 b5 4. cxb5 a6 5. b6 d6 6. Nc3 g6 7. Qb3 Bb7 8. a4 a5
9. e4 Nbd7 10. Bb5 Qxb6 11. Bg5 Qc7 12. Nf3 Bg7 13. Nd2 O-O 14. O-O h6 15. Bh4
g5 16. Bg3 Nh5 17. Nc4 Nxg3 18. hxg3 Nb6 19. f4 Bd4+ 20. Kh2 Kg7 21. Ne2 Bf6
22. Ne3 Rfb8 23. Nf5+ Kg6 24. Rh1 Ba6 25. Qf3 Rh8 26. Bxa6 Rxa6 27. Kg1 Raa8
28. Qh5+ 1-0

[Event "Kreuzberg Open"]
[Site "Berlin"]
[Date "2005.07.06"]
[Round "5"]
[White "Schmidt, Peter"]
[Black "Albrecht, Rainer"]
[Result "1/2-1/2"]
[WhiteElo "2144"]
[BlackElo "2226"]
[PlyCount "28"]
[EventDate "2005.07.??"]
[EventType "swiss"]
[EventRounds "9"]
[EventCountry "GER"]
[Source "SC Kreuzberg"]
[SourceDate "2005.07.24"]

1. e4 e6 2. d3 d5 3. Nd2 c5 4. Ngf3 Nc6 5. g3 Bd6 6. Bg2 Nge7 7. O-O Qc7 8.
exd5 exd5 9. d4 cxd4 10. Nb3 Bg4 11. Nbxd4 a6 12. Be3 O-O 13. Qd2 Rad8 14. Rfe1
Rfe8 1/2-1/2

[Event "Kreuzberg Open"]
[Site "Berlin"]
[Date "2005.07.06"]
[Round "5"]
[White "Kaphle, Sebastian"]
[Black "Kozyrev, Daniil"]
[Result "1-0"]
[WhiteElo "1944"]
[BlackElo "2217"]
[PlyCount "55"]
[EventDate "2005.07.??"]
[EventType "swiss"]
[EventRounds "9"]
[EventCountry "GER"]
[Source "SC Kreuzberg"]
[SourceDate "2005.07.24"]

1. e4 Nf6 2. e5 Nd5 3. Nc3 Nxc3 4. dxc3 g6 5. Nf3 Bg7 6. Bc4 O-O 7. O-O d6 8.
Bf4 Nc6 9. Re1 Bg4 10. exd6 cxd6 11. h3 Bf5 12. Nd4 e5 13. Nxf5 gxf5 14. Bh2
Qf6 15. Qe2 Rad8 16. Rad1 Kh8 17. Bd5 Rd7 18. Bxc6 bxc6 19. Bxe5 dxe5 20. Rxd7
e4 21. Qc4 Qg6 22. Red1 Bf6 23. R1d6 Qg5 24. Rxf6 Rg8 25. g3 e3 26. Qd4 exf2+
27. Kf1 c5 28. Rfxf7+ 1-0

[Event "Kreuzberg Open"]
[Site "Berlin"]
[Date "2005.07.06"]
[Round "5"]
[White "Zschaebitz, Klaus"]
[Black "Haemmerlein, Thomas"]
[Result "0-1"]
[WhiteElo "2092"]
[BlackElo "2193"]
[PlyCount "109"]
[EventDate "2005.07.??"]
[EventType "swiss"]
[EventRounds "9"]
[EventCountry "GER"]
[Source "SC Kreuzberg"]
[SourceDate "2005.07.24"]

1. Nf3 c5 2. c3 g6 3. d4 Bg7 4. Nbd2 d6 5. g3 Nf6 6. Bg2 Nc6 7. O-O cxd4 8.
Nxd4 Ne5 9. N2f3 Ned7 10. Qa4 a6 11. h3 Rb8 12. Bd2 Qc7 13. Rae1 b5 14. Qc2 e5
15. Nb3 O-O 16. Qc1 Re8 17. Bh6 Nb6 18. Bxg7 Kxg7 19. e4 Be6 20. Nbd2 h6 21.
Kh2 Rbc8 22. Re3 a5 23. b3 Qc5 24. Qb2 Nfd7 25. Rc1 f6 26. Ne1 d5 27. Nd3 Qc6
28. f4 dxe4 29. Nxe4 Bd5 30. fxe5 Nxe5 31. Nf4 Bxe4 32. Rxe4 Qc7 33. Rd4 h5 34.
h4 Ng4+ 35. Kg1 Re3 36. Qc2 Qf7 37. Rd3 Rce8 38. Bf3 Re1+ 39. Rxe1 Rxe1+ 40.
Kg2 Ne3+ 41. Rxe3 Rxe3 42. Be4 f5 43. Bf3 Re8 44. Bc6 Rc8 45. Bxb5 Nd5 46. Qd3
Nxf4+ 47. gxf4 Qe7 48. Kg3 Rd8 49. Qf3 Rd2 50. Bf1 Qe1+ 51. Kh3 Rf2 52. Qb7+
Kh6 53. Bg2 Rxf4 54. Kh2 Qxh4+ 55. Kg1 0-1

[Event "Kreuzberg Open"]
[Site "Berlin"]
[Date "2005.07.06"]
[Round "5"]
[White "Hahlbohm, Matthias"]
[Black "Fruebing, Stefan"]
[Result "1/2-1/2"]
[WhiteElo "2102"]
[BlackElo "2280"]
[PlyCount "62"]
[EventDate "2005.07.??"]
[EventType "swiss"]
[EventRounds "9"]
[EventCountry "GER"]
[Source "SC Kreuzberg"]
[SourceDate "2005.07.24"]

1. e4 c5 2. Nf3 Nc6 3. d4 cxd4 4. Nxd4 g6 5. Be3 Nf6 6. f3 Bg7 7. c3 O-O 8. Qd2
d5 9. Nxc6 bxc6 10. e5 Nd7 11. f4 e6 12. Bd3 f6 13. exf6 Qxf6 14. O-O Bb7 15.
Bd4 Qe7 16. Bxg7 Qxg7 17. Qe2 e5 18. fxe5 Rxf1+ 19. Qxf1 Qxe5 20. Qe2 Re8 21.
Qxe5 Nxe5 22. Be2 c5 23. Na3 d4 24. Bb5 Bc6 25. cxd4 cxd4 26. Bxc6 Nxc6 27. Kf2
Nb4 28. Rd1 d3 29. Rd2 Rd8 30. Ke3 Re8+ 31. Kf2 Rd8 1/2-1/2

[Event "Kreuzberg Open"]
[Site "Berlin"]
[Date "2005.07.06"]
[Round "5"]
[White "Sebastian, Martin"]
[Black "Niehaus, Frank"]
[Result "1-0"]
[WhiteElo "2065"]
[BlackElo "2252"]
[PlyCount "73"]
[EventDate "2005.07.??"]
[EventType "swiss"]
[EventRounds "9"]
[EventCountry "GER"]
[Source "SC Kreuzberg"]
[SourceDate "2005.07.24"]

1. d4 Nf6 2. c4 g6 3. Nc3 Bg7 4. e4 d6 5. Bd3 O-O 6. Nge2 Nbd7 7. Bc2 a6 8. a4
c5 9. d5 b6 10. O-O Ne8 11. f4 Ra7 12. Ng3 e6 13. Rb1 exd5 14. Nxd5 Ndf6 15.
Bd2 Nxd5 16. exd5 Bd4+ 17. Kh1 Qh4 18. f5 Be5 19. Qf3 Qxc4 20. Bc3 Nf6 21. Bxe5
dxe5 22. Ne4 Nxe4 23. Bxe4 Qxa4 24. f6 h6 25. Rbd1 Qd7 26. h3 Qd6 27. g4 Kh7
28. g5 Rh8 29. gxh6 Qf8 30. Qg3 Qxh6 31. Qxe5 Qxh3+ 32. Kg1 Qd7 33. Rd2 Kg8 34.
Rg2 Kf8 35. Bxg6 fxg6 36. f7 Rh5 37. Rxg6 1-0

[Event "Kreuzberg Open"]
[Site "Berlin"]
[Date "2005.07.06"]
[Round "5"]
[White "Hannebauer, Torsten"]
[Black "Platzek, Janine"]
[Result "1-0"]
[WhiteElo "2154"]
[BlackElo "2070"]
[PlyCount "75"]
[EventDate "2005.07.??"]
[EventType "swiss"]
[EventRounds "9"]
[EventCountry "GER"]
[Source "SC Kreuzberg"]
[SourceDate "2005.07.24"]

1. e4 e5 2. Nf3 Nc6 3. Bc4 Bc5 4. O-O Nf6 5. d3 O-O 6. c3 d5 7. exd5 Nxd5 8. b4
Be7 9. Bb2 a6 10. a4 Bg4 11. Nbd2 Nf4 12. Ne4 Kh8 13. h3 Bh5 14. Ng3 Bg6 15. b5
axb5 16. axb5 Na5 17. Nxe5 Bd6 18. Nxg6+ fxg6 19. Ne4 Nxc4 20. dxc4 Rxa1 21.
Bxa1 Be5 22. c5 Qh4 23. Qg4 Qxg4 24. hxg4 Ne2+ 25. Kh1 Ng3+ 26. Nxg3 Bxg3 27.
Kg1 Bh4 28. c4 c6 29. Be5 Kg8 30. Bd6 Rd8 31. Ra1 Bf6 32. Ra7 cxb5 33. cxb5 b6
34. Bg3 Bd4 35. c6 Rc8 36. Rd7 Bf6 37. Bd6 h6 38. Bc7 1-0

[Event "Kreuzberg Open"]
[Site "Berlin"]
[Date "2005.07.06"]
[Round "5"]
[White "Sechting, Martin"]
[Black "Bruening, Wolfgang"]
[Result "0-1"]
[WhiteElo "2132"]
[BlackElo "2046"]
[PlyCount "168"]
[EventDate "2005.07.??"]
[EventType "swiss"]
[EventRounds "9"]
[EventCountry "GER"]
[Source "SC Kreuzberg"]
[SourceDate "2005.07.24"]

1. d4 Nf6 2. c4 e6 3. Nf3 d5 4. cxd5 exd5 5. Nc3 Be7 6. Bf4 c6 7. Qc2 g6 8. h3
Bf5 9. Qb3 Qb6 10. g4 Be4 11. Bg2 O-O 12. g5 Nh5 13. Bd2 Qxb3 14. axb3 Bc2 15.
Ne5 Bxb3 16. Bf3 Ng7 17. Bg4 f5 18. gxf6 Bxf6 19. f4 Bh4+ 20. Kf1 Nf5 21. Bxf5
Rxf5 22. Kg2 Bf6 23. Ra3 Bxe5 24. Rxb3 Bxd4 25. Rxb7 Rf7 26. Rb4 Bc5 27. Ra4
Nd7 28. b4 Bd6 29. e3 Nb6 30. Ra6 Bxb4 31. Rha1 Nc4 32. R1a4 c5 33. Nxd5 Nxd2
34. Nxb4 cxb4 35. Rxb4 Re7 36. Ra2 Ne4 37. Kf3 Rae8 38. Ra3 Nf6 39. Rba4 Kf7
40. Rxa7 Rxa7 41. Rxa7+ Re7 42. Ra4 Nd5 43. e4 Nc7 44. Kg4 h5+ 45. Kf3 Kf6 46.
Rd4 Nb5 47. Rd5 Nc7 48. Rd6+ Re6 49. Rd7 Rc6 50. e5+ Ke6 51. Rg7 Kf5 52. Rf7+
Ke6 53. Rg7 Rc3+ 54. Ke4 Rc4+ 55. Kf3 Rc3+ 56. Ke4 Rc4+ 57. Kf3 Nd5 58. Rxg6+
Kf7 59. Rh6 Rxf4+ 60. Kg3 Rf5 61. Kh4 Nf4 62. Ra6 Ng6+ 63. Kg3 Rxe5 64. Ra7+
Kf6 65. Ra6+ Kg5 66. Kf3 Nh4+ 67. Kg3 Nf5+ 68. Kf3 Re3+ 69. Kg2 Rd3 70. Ra4 Nd4
71. Ra5+ Kh4 72. Re5 Rd2+ 73. Kf1 Nf3 74. Re8 Kxh3 75. Rg8 Nh2+ 76. Kg1 Ng4 77.
Kf1 Kg3 78. Ke1 Rb2 79. Kf1 h4 80. Ra8 Rb3 81. Ra2 Ne3+ 82. Ke2 h3 83. Ra8 h2
84. Rh8 Ng4 0-1

[Event "Kreuzberg Open"]
[Site "Berlin"]
[Date "2005.07.06"]
[Round "5"]
[White "Dimitrijeski, Kristian"]
[Black "Fietz, Harald"]
[Result "1/2-1/2"]
[WhiteElo "2098"]
[BlackElo "2126"]
[PlyCount "73"]
[EventDate "2005.07.??"]
[EventType "swiss"]
[EventRounds "9"]
[EventCountry "GER"]
[Source "SC Kreuzberg"]
[SourceDate "2005.07.24"]

1. d4 g6 2. Nf3 Bg7 3. c4 e6 4. e4 c5 5. d5 exd5 6. exd5 d6 7. h3 Ne7 8. Bd3
O-O 9. O-O Bf5 10. Nc3 Nd7 11. Bf4 Ne5 12. Nxe5 Bxe5 13. Bxe5 dxe5 14. Re1 f6
15. Ne4 Bxe4 16. Bxe4 Qd6 17. Qe2 Rad8 18. Bc2 Nc8 19. h4 Rd7 20. Rad1 Rg7 21.
Rd3 Ne7 22. Rg3 Rff7 23. h5 Nf5 24. hxg6 hxg6 25. Rxg6 Nd4 26. Qd3 Qd7 27.
Rxg7+ Rxg7 28. Re3 Qg4 29. g3 f5 30. Bd1 Qf4 31. Qf1 e4 32. Qg2 Qg5 33. Qh3 Rh7
34. Qg2 Rg7 35. Qh3 Rh7 36. Qg2 Rg7 37. Qh3 1/2-1/2

[Event "Kreuzberg Open"]
[Site "Berlin"]
[Date "2005.07.06"]
[Round "5"]
[White "Fleischer, Andy"]
[Black "Kievelitz, Bernd"]
[Result "0-1"]
[WhiteElo "2056"]
[BlackElo "2112"]
[PlyCount "102"]
[EventDate "2005.07.??"]
[EventType "swiss"]
[EventRounds "9"]
[EventCountry "GER"]
[Source "SC Kreuzberg"]
[SourceDate "2005.07.24"]

1. c4 e6 2. Nf3 c5 3. e4 a6 4. Nc3 Qc7 5. g3 d6 6. Bg2 Nf6 7. d4 cxd4 8. Qxd4
Nc6 9. Qd3 Be7 10. O-O O-O 11. b3 Ne5 12. Qd2 Nxf3+ 13. Bxf3 Bd7 14. Bb2 Bc6
15. Rac1 Qb8 16. Qe3 Qa7 17. Rfe1 Qxe3 18. Rxe3 Rfe8 19. a4 Nd7 20. Ne2 Bg5 21.
Nf4 e5 22. Nd5 Bxd5 23. exd5 Bxe3 24. fxe3 Nc5 25. Rc3 a5 26. e4 g6 27. g4 Rf8
28. g5 f5 29. gxf6 Rxf6 30. Bc1 Raf8 31. Kg2 Kg7 32. Bg5 R6f7 33. Re3 h6 34.
Bh4 g5 35. Be1 b6 36. Bg4 Kg6 37. Bf5+ Rxf5 38. exf5+ Rxf5 39. Bg3 h5 40. h3 h4
41. Bf2 Rf6 42. Re2 Kh5 43. Be3 Rf5 44. Bf2 g4 45. hxg4+ Kxg4 46. Re3 h3+ 47.
Kf1 Rf3 48. Kg1 h2+ 49. Kh1 Rxf2 50. b4 axb4 51. a5 Rf3 0-1

[Event "Kreuzberg Open"]
[Site "Berlin"]
[Date "2005.07.07"]
[Round "6"]
[White "Berger, Steve"]
[Black "Schlemermeyer, Wilhelm"]
[Result "1/2-1/2"]
[WhiteElo "2428"]
[BlackElo "2346"]
[PlyCount "53"]
[EventDate "2005.07.??"]
[EventType "swiss"]
[EventRounds "9"]
[EventCountry "GER"]
[Source "SC Kreuzberg"]
[SourceDate "2005.07.24"]

1. e4 e6 2. d4 d5 3. Nc3 Bb4 4. e5 c5 5. a3 Bxc3+ 6. bxc3 Ne7 7. Qg4 O-O 8. Bd3
f5 9. exf6 Rxf6 10. Bg5 Rf7 11. Qh5 g6 12. Qd1 Nbc6 13. Nf3 Qf8 14. O-O c4 15.
Be2 h6 16. Bc1 Qg7 17. a4 g5 18. h3 Bd7 19. Nh2 Ng6 20. Bh5 Raf8 21. Ba3 Rd8
22. Ng4 Rf5 23. g3 Bc8 24. Re1 Kh8 25. Ne3 Rf6 26. Ng4 Rf5 27. Ne3 1/2-1/2